[Event "Veneto-ch qf 81st"]
[Site "Verona"]
[Date "2022.05.08"]
[Round "5.5"]
[White "Coratella, Giuseppe"]
[Black "Serea, Gabriele"]
[Result "1-0"]
[WhiteElo "2187"]
[BlackElo "1722"]
[PlyCount "73"]
[EventDate "2022.05.06"]
[EventType "swiss"]
[EventRounds "5"]
[EventCountry "ITA"]
[SourceTitle "EXT 2024"]
[Source "ChessBase"]
[SourceDate "2023.10.10"]
[SourceVersion "1"]
[SourceVersionDate "2023.10.10"]
[SourceQuality "1"]

1. e4 e5 2. Nf3 Nc6 3. c4 Nf6 4. Nc3 Bc5 5. h3 d6 6. g3 Be6 7. d3 h6 8. Bg2 Qd7 9. Nd5 Bxd5 10. cxd5 Nd4 11. 0-0 0-0 12. Kh2 Nh7 13. Nxd4 Bxd4 14. h4 Nf6 15. Bh3 Qe7 16. Qc2 Kh7 17. Kg2 Rg8 18. Bd2 Ne8 19. Rac1 Bb6 20. b4 a5 21. Qa4 Nf6 22. bxa5 Bc5 23. Qb5 Rgb8 24. Rc2 b6 25. Rb1 bxa5 26. Qxb8 Rxb8 27. Rxb8 Bb6 28. Ra8 Nd7 29. Bxa5 Bxa5 30. Rxa5 Nc5 31. Ra8 Nxd3 32. Rc3 Nc5 33. a4 g6 34. Re3 c6 35. dxc6 Qc7 36. Rc8 Qa7 37. c7 1-0

[Event "Veneto-ch qf 81st"]
[Site "Verona"]
[Date "2022.05.07"]
[Round "3.3"]
[White "Coratella, Giuseppe"]
[Black "Danieli, Enrico"]
[Result "1/2-1/2"]
[WhiteElo "2187"]
[BlackElo "1894"]
[PlyCount "50"]
[EventDate "2022.05.06"]
[EventType "swiss"]
[EventRounds "5"]
[EventCountry "ITA"]
[SourceTitle "EXT 2024"]
[Source "ChessBase"]
[SourceDate "2023.10.10"]
[SourceVersion "1"]
[SourceVersionDate "2023.10.10"]
[SourceQuality "1"]

1. e4 e6 2. d4 d5 3. Nc3 dxe4 4. Nxe4 Bd7 5. Nf3 Bc6 6. Bd3 Nd7 7. Qe2 Ngf6 8. 0-0 Nxe4 9. Bxe4 Bxe4 10. Qxe4 c6 11. c4 Nf6 12. Qe2 Be7 13. Bf4 0-0 14. Rfd1 Qa5 15. Ne5 Rad8 16. a3 Qa6 17. Rd3 Nd7 18. Rh3 g6 19. Bh6 Rfe8 20. Re1 Nxe5 21. Qxe5 Bf8 22. Bxf8 Rxf8 23. b3 Qxa3 24. Qf6 Qa5 25. Kf1 Qf5 1/2-1/2

[Event "Campobasso op 21st"]
[Site "Campobasso"]
[Date "2014.07.19"]
[Round "4"]
[White "Lazic, Miroljub"]
[Black "Coratella, Giuseppe"]
[Result "1-0"]
[WhiteElo "2466"]
[BlackElo "2221"]
[PlyCount "95"]
[EventDate "2014.07.18"]
[EventType "swiss"]
[EventRounds "6"]
[EventCountry "ITA"]
[SourceTitle "EXT 2016"]
[Source "ChessBase"]
[SourceDate "2015.10.08"]
[SourceVersion "1"]
[SourceVersionDate "2015.10.08"]
[SourceQuality "1"]

1. g3 g6 2. Bg2 Bg7 3. e4 c5 4. Nc3 Nc6 5. d3 e6 6. Be3 Nd4 7. Qd2 a6 8. f4 d6 9. Nd1 Ne7 10. c3 Ndc6 11. Nf3 0-0 12. 0-0 b6 13. Bf2 e5 14. Be3 exf4 15. Bxf4 d5 16. Nf2 Ra7 17. exd5 Nxd5 18. Bh6 Re7 19. Rfe1 Rfe8 20. Rxe7 Rxe7 21. Re1 Rxe1+ 22. Nxe1 Bh8 23. Qe2 Qe7 24. Kf1 Be6 25. Nf3 f6 26. Bd2 Bg7 27. a3 Qd7 28. Ne4 a5 29. c4 Nde7 30. Bc3 Nd4 31. Nxd4 cxd4 32. Bd2 Bh3 33. b4 axb4 34. axb4 Bxg2+ 35. Kxg2 Nc6 36. b5 Ne5 37. Bf4 Nf7 38. g4 f5 39. gxf5 Qxf5 40. Bg3 Be5 41. Qf3 Qe6 42. Nf2 Bxg3 43. hxg3 Ne5 44. Qe4 Qf5 45. Qf4 Qe6 46. Qe4 Qd6 47. Kf1 Kg7 48. Ke2 1-0

[Event "Verona op 15th"]
[Site "Verona"]
[Date "2009.04.07"]
[Round "2"]
[White "Coratella, Giuseppe"]
[Black "Brunello, Sabino"]
[Result "0-1"]
[WhiteElo "2248"]
[BlackElo "2477"]
[PlyCount "62"]
[EventDate "2009.04.07"]
[EventType "swiss"]
[EventRounds "9"]
[EventCountry "ITA"]
[SourceTitle "CBM 129 Extra"]
[Source "ChessBase"]
[SourceDate "2009.05.05"]
[SourceVersion "2"]
[SourceVersionDate "2009.05.20"]
[SourceQuality "1"]

1. e4 c5 2. Nf3 e6 3. d4 cxd4 4. Nxd4 Nc6 5. Be3 Nf6 6. Nc3 Bb4 7. Bd3 d5 8. Nxc6 bxc6 9. e5 d4 10. exf6 dxe3 11. fxg7 exf2+ 12. Kf1 Rg8 13. Bxh7 Qh4 14. Bd3 Rxg7 15. Qf3 Bb7 16. Qxf2 Qh6 17. Ne4 0-0-0 18. Qxa7 Rxd3 19. cxd3 f5 20. a3 fxe4 21. axb4 e3 22. Qd4 Rd7 23. Qe4 Qf8+ 24. Qf3 Rf7 25. Ke2 Rxf3 26. gxf3 Qxb4 27. Kxe3 c5 28. Raf1 Qd4+ 29. Ke2 Qxb2+ 30. Ke3 Qd4+ 31. Ke2 Ba6 0-1

[Event "Venice Autumn op 12th"]
[Site "Venice"]
[Date "2006.11.05"]
[Round "4"]
[White "Coratella, Giuseppe"]
[Black "Pfeifer, Andreas"]
[Result "1-0"]
[WhiteElo "2224"]
[BlackElo "2130"]
[PlyCount "59"]
[EventDate "2006.11.03"]
[EventType "swiss"]
[EventRounds "5"]
[EventCountry "ITA"]
[SourceTitle "CBM 115 Extra"]
[Source "ChessBase"]
[SourceDate "2007.01.10"]
[SourceVersion "1"]
[SourceVersionDate "2007.01.10"]
[SourceQuality "1"]

1. e4 e6 2. d4 d5 3. Nc3 Bb4 4. e5 c5 5. a3 Bxc3+ 6. bxc3 Ne7 7. Qg4 0-0 8. Bd3 Nbc6 9. Nf3 Ng6 10. h4 c4 11. Bxg6 fxg6 12. h5 Qe8 13. h6 Rxf3 14. Qxf3 Qf7 15. Qxf7+ Kxf7 16. Rh3 Bd7 17. Rf3+ Kg8 18. hxg7 Kxg7 19. g4 h6 20. Ke2 Nd8 21. Be3 Nf7 22. Rh1 Rh8 23. Rf6 Nd8 24. Rh3 Ba4 25. Kd2 Be8 26. Rxh6 Rxh6 27. Bxh6+ Kxh6 28. Rf8 Bc6 29. Rxd8 Kg5 30. f3 1-0

[Event "Venice Autumn op 12th"]
[Site "Venice"]
[Date "2006.11.05"]
[Round "5"]
[White "Dvirnyy, Danyyil"]
[Black "Coratella, Giuseppe"]
[Result "1-0"]
[WhiteElo "2323"]
[BlackElo "2224"]
[PlyCount "31"]
[EventDate "2006.11.03"]
[EventType "swiss"]
[EventRounds "5"]
[EventCountry "ITA"]
[SourceTitle "CBM 115 Extra"]
[Source "ChessBase"]
[SourceDate "2007.01.10"]
[SourceVersion "1"]
[SourceVersionDate "2007.01.10"]
[SourceQuality "1"]

1. e4 e6 2. d4 d5 3. Nc3 Nf6 4. Bg5 Be7 5. e5 Nfd7 6. Bxe7 Qxe7 7. f4 a6 8. Nf3 c5 9. Bd3 Nc6 10. dxc5 Qxc5 11. Qd2 b5 12. 0-0-0 0-0 13. Rhe1 Nb6 14. Bxh7+ Kxh7 15. Ng5+ Kg8 16. Qd3 1-0

[Event "Bratto op 24th"]
[Site "Bratto"]
[Date "2004.08.28"]
[Round "9"]
[White "Coratella, Giuseppe"]
[Black "Rombaldoni, Axel"]
[Result "1/2-1/2"]
[WhiteElo "2156"]
[BlackElo "2063"]
[PlyCount "112"]
[EventDate "2004.08.20"]
[EventType "swiss"]
[EventRounds "9"]
[EventCountry "ITA"]
[SourceTitle "CBM 101 Extra"]
[Source "ChessBase"]
[SourceDate "2004.09.01"]
[SourceVersion "2"]
[SourceVersionDate "2004.09.01"]
[SourceQuality "1"]

1. e4 c5 2. Nf3 Nc6 3. d4 cxd4 4. Nxd4 Nf6 5. Nc3 d6 6. Bc4 Bd7 7. Bb3 g6 8. Be3 Ng4 9. Nxc6 bxc6 10. Qf3 Ne5 11. Qe2 c5 12. h3 Bg7 13. 0-0 Nc6 14. Rad1 Nd4 15. Bxd4 cxd4 16. Nb5 Qb6 17. Qc4 0-0 18. Nc7 Rab8 19. Nd5 Qd8 20. a4 e6 21. Nf4 Qa5 22. Ne2 Rb4 23. Qd3 Qb6 24. Ra1 a5 25. f4 f5 26. exf5 Rxf5 27. g4 Rf8 28. f5 Rxb3 29. Qxb3 Qc5 30. Qd3 exf5 31. Ng3 f4 32. Ne4 Qc7 33. b3 d5 34. Ng5 Qd6 35. Nf3 Rc8 36. Nxd4 Qb4 37. Rad1 Rc3 38. Qd2 Qc5 39. Qxf4 Be8 40. Rf2 Qe7 41. Rd3 Rxd3 42. cxd3 Qb4 43. Nb5 d4 44. Qe4 Bf7 45. Rc2 Bf8 46. Nxd4 Bc5 47. Rxc5 Qxc5 48. Kf1 Qc1+ 49. Ke2 Qb2+ 50. Kf3 Qh2 51. Qa8+ Kg7 52. Qxa5 Qxh3+ 53. Kf4 Qh2+ 54. Ke3 Qg1+ 55. Ke4 Qxg4+ 56. Ke3 Qg1+ 1/2-1/2

[Event "Bratto op 24th"]
[Site "Bratto"]
[Date "2004.08.25"]
[Round "6"]
[White "Bancod, Ronald"]
[Black "Coratella, Giuseppe"]
[Result "1/2-1/2"]
[WhiteElo "2354"]
[BlackElo "2156"]
[PlyCount "101"]
[EventDate "2004.08.20"]
[EventType "swiss"]
[EventRounds "9"]
[EventCountry "ITA"]
[SourceTitle "CBM 101 Extra"]
[Source "ChessBase"]
[SourceDate "2004.09.01"]
[SourceVersion "2"]
[SourceVersionDate "2004.09.01"]
[SourceQuality "1"]

1. e4 e6 2. d3 d5 3. Nd2 c5 4. Ngf3 Nc6 5. g3 g6 6. h4 h5 7. Bg2 Bg7 8. 0-0 d4 9. e5 Nxe5 10. Nxe5 Bxe5 11. Nc4 Bc7 12. c3 Rb8 13. cxd4 cxd4 14. a4 f6 15. a5 Ne7 16. Bd2 Kf7 17. b4 Bd7 18. Qb3 Bc6 19. Be4 a6 20. Rae1 Bd5 21. Re2 Nc6 22. Rfe1 Re8 23. Qb1 Ne5 24. Nxe5+ Bxe5 25. Rc1 Bxe4 26. Rxe4 Qd7 27. f4 Bd6 28. Kg2 e5 29. Qb3+ Qe6 30. Qxe6+ Kxe6 31. fxe5 fxe5 32. Kf3 Rbc8 33. Rb1 Rc2 34. Ke2 Rec8 35. Kd1 Ra2 36. Rc1 Rxc1+ 37. Kxc1 Ra1+ 38. Kb2 Rg1 39. Be1 Rxe1 40. Rxe1 Bxb4 41. Rc1 Bxa5 42. Kc2 Bc7 43. g4 hxg4 44. Rg1 b5 45. Rxg4 Kf6 46. Rg2 a5 47. Rf2+ Kg7 48. Re2 Kf6 49. Rf2+ Ke7 50. Rg2 Kf6 51. Rf2+ 1/2-1/2

[Event "Bratto op 24th"]
[Site "Bratto"]
[Date "2004.08.21"]
[Round "2"]
[White "Gangemi, Salvatore"]
[Black "Coratella, Giuseppe"]
[Result "1/2-1/2"]
[WhiteElo "2085"]
[BlackElo "2156"]
[PlyCount "116"]
[EventDate "2004.08.20"]
[EventType "swiss"]
[EventRounds "9"]
[EventCountry "ITA"]
[SourceTitle "CBM 101 Extra"]
[Source "ChessBase"]
[SourceDate "2004.09.01"]
[SourceVersion "2"]
[SourceVersionDate "2004.09.01"]
[SourceQuality "1"]

1. c4 g6 2. g3 Bg7 3. Bg2 c5 4. Nc3 Nc6 5. d3 e5 6. Nf3 Nge7 7. 0-0 0-0 8. Bg5 f6 9. Be3 d6 10. Qc1 Be6 11. h4 Qd7 12. Kh2 Rae8 13. a3 a5 14. Bd2 Bg4 15. Rb1 f5 16. e3 h6 17. Ng1 g5 18. hxg5 hxg5 19. f3 Qe6 20. Nge2 Bh5 21. e4 f4 22. g4 Bf7 23. Rh1 Bf6 24. Nd5 Kg7 25. Nc7 Rh8+ 26. Kg1 Rxh1+ 27. Bxh1 Qc8 28. Nxe8+ Qxe8 29. Bg2 Ng6 30. Kf2 Bd8 31. Qc2 Be6 32. Rh1 Nh4 33. Qd1 Qf7 34. Bh3 Bd7 35. Qf1 Qe8 36. Ke1 Na7 37. Nc3 b5 38. Kd1 b4 39. Nd5 Ba4+ 40. Kc1 Nc6 41. Be1 Ng6 42. axb4 axb4 43. Rh2 Nd4 44. Qh1 Bb3 45. Bf2 Qa4 46. Bxd4 exd4 47. Kd2 Qa2 48. Qc1 Ne5 49. Bg2 Ba5 50. Ke2 Ba4 51. Bf1 Qb3 52. Qb1 Qc2+ 53. Qxc2 Bxc2 54. Kf2 b3 55. Rh5 Nxd3+ 56. Bxd3 Bxd3 57. Rxg5+ Kf7 58. Rf5+ Kg7 1/2-1/2

[Event "Bratto op 24th"]
[Site "Bratto"]
[Date "2004.08.20"]
[Round "1"]
[White "Coratella, Giuseppe"]
[Black "Miladinovic, Igor"]
[Result "0-1"]
[WhiteElo "2156"]
[BlackElo "2630"]
[PlyCount "114"]
[EventDate "2004.08.20"]
[EventType "swiss"]
[EventRounds "9"]
[EventCountry "ITA"]
[SourceTitle "CBM 101 Extra"]
[Source "ChessBase"]
[SourceDate "2004.09.01"]
[SourceVersion "2"]
[SourceVersionDate "2004.09.01"]
[SourceQuality "1"]

1. e4 c5 2. Nf3 Nc6 3. d4 cxd4 4. Nxd4 Qc7 5. Nc3 e6 6. Be3 a6 7. Be2 Nf6 8. 0-0 Bb4 9. Na4 Be7 10. c4 Nxe4 11. c5 0-0 12. Rc1 f5 13. f4 Rb8 14. Qb3 Bf6 15. Nxf5 Kh8 16. Nd6 b5 17. Nxe4 bxa4 18. Qxa4 Rb4 19. Qc2 Bd4 20. Bxd4 Nxd4 21. Qd2 Qb8 22. Bc4 Nf5 23. b3 a5 24. Rcd1 Qc7 25. g4 Qc6 26. Rde1 Nh6 27. h3 Bb7 28. Qd6 Qc8 29. Re2 Nf7 30. Qd3 Bxe4 31. Qxe4 Qxc5+ 32. Qe3 Qxe3+ 33. Rxe3 Nd6 34. Rd3 Nxc4 35. bxc4 h5 36. g5 Rxc4 37. Rxd7 Kh7 38. Re7 Rcxf4 39. Rxf4 Rxf4 40. Rxe6 Ra4 41. Re2 Kg6 42. Rg2 Ra3 43. Kh2 h4 44. Rf2 Kxg5 45. Kg2 g6 46. Kh2 a4 47. Kg2 Rc3 48. Kh2 a3 49. Kg2 Rc5 50. Rd2 Kh5 51. Rf2 Rg5+ 52. Kh2 Rb5 53. Kg2 Rb2 54. Kg1 Rxf2 55. Kxf2 g5 56. Kf3 g4+ 57. hxg4+ Kg5 0-1

[Event "Bari op"]
[Site "Bari"]
[Date "2003.01.18"]
[Round "1"]
[White "Coratella, Giuseppe"]
[Black "Garrapa, Gianluigi"]
[Result "1-0"]
[WhiteElo "2164"]
[BlackElo "1864"]
[PlyCount "111"]
[EventDate "2003.01.18"]
[EventType "swiss"]
[EventRounds "6"]
[EventCountry "ITA"]
[SourceTitle "EXT 2023"]
[Source "ChessBase"]
[SourceDate "2022.10.05"]
[SourceVersion "1"]
[SourceVersionDate "2022.10.05"]
[SourceQuality "1"]

1. e4 e5 2. Nf3 Nc6 3. d4 exd4 4. Nxd4 Bc5 5. Nb3 Bb6 6. Nc3 Qf6 7. Qe2 Nge7 8. Be3 0-0 9. 0-0-0 d6 10. Nb5 Be6 11. Kb1 Bxb3 12. axb3 Rfc8 13. f4 Bxe3 14. Qxe3 Ng6 15. g3 a6 16. Nc3 Nb4 17. h4 Re8 18. h5 Nf8 19. Bg2 Rab8 20. g4 Ne6 21. Rhf1 Nc5 22. e5 Qe7 23. Qd4 Nc6 24. Bxc6 dxe5 25. fxe5 bxc6 26. Qc4 a5 27. e6 fxe6 28. Ne4 Nxe4 29. Qxe4 c5 30. Qe5 Rb6 31. g5 Rd6 32. g6 Rxd1+ 33. Rxd1 h6 34. Rf1 Rf8 35. Rxf8+ Kxf8 36. Qf4+ Kg8 37. Qf3 Qe8 38. Qb7 e5 39. Kc1 Kf8 40. Qxc7 e4 41. Qxc5+ Kg8 42. Kd2 Qd7+ 43. Ke3 Qh3+ 44. Kxe4 Qg4+ 45. Kd3 Qd1+ 46. Kc4 Qxc2+ 47. Kb5 Qxb3+ 48. Ka6 Qe6+ 49. Qb6 Qe2+ 50. Qb5 Qe6+ 51. Kxa5 Qa2+ 52. Kb6 Qe6+ 53. Qc6 Qe3+ 54. Kc7 Qe7+ 55. Kc8 Qf8+ 56. Kd7 1-0

[Event "Porto San Giorgio op 13th"]
[Site "Porto San Giorgio"]
[Date "2001.08.26"]
[Round "6"]
[White "Coratella, Giuseppe"]
[Black "Iordachescu, Viorel"]
[Result "0-1"]
[WhiteElo "2163"]
[BlackElo "2562"]
[PlyCount "130"]
[EventDate "2001.08.21"]
[EventType "swiss"]
[EventRounds "9"]
[EventCountry "ITA"]
[SourceTitle "EXT 2002"]
[Source "ChessBase"]
[SourceDate "2001.11.25"]
[SourceVersion "1"]
[SourceVersionDate "2001.11.25"]
[SourceQuality "1"]

1. e4 g6 2. d4 Bg7 3. Nc3 c6 4. Nf3 d5 5. h3 Nf6 6. e5 Ne4 7. Bd3 Nxc3 8. bxc3 c5 9. 0-0 Nc6 10. Re1 Qa5 11. Bd2 c4 12. Bf1 0-0 13. g3 f6 14. exf6 exf6 15. Bg2 Bd7 16. Rb1 Nd8 17. Rb2 Bc6 18. Nh2 Nf7 19. Ng4 Rae8 20. Qb1 Rxe1+ 21. Bxe1 Nd6 22. Ne3 f5 23. Qd1 Ne4 24. Bxe4 fxe4 25. Bd2 Qa3 26. Qc1 h5 27. Rb1 Qe7 28. Ng2 Qf7 29. Qe1 b6 30. h4 Bd7 31. Bf4 Bg4 32. Qe3 Qd7 33. Qd2 Rf7 34. Kh2 Bf8 35. Be5 Kh7 36. Bf4 Be7 37. Rb2 Qa4 38. Kg1 Bd8 39. Be5 a6 40. Nf4 Qd7 41. Kh2 Rf5 42. Ng2 g5 43. hxg5 Bxg5 44. Bf4 Bd8 45. Rb1 h4 46. Rh1 Rh5 47. Kg1 Bf3 48. gxh4 Qg4 49. Bg3 Bg5 50. Qxg5 Rxg5 51. hxg5+ Kg8 52. Ne3 Qxg5 53. Rh4 Qe7 54. Nf5 Qg5 55. Ne3 Qe7 56. Nf5 Qa3 57. Be5 Qc1+ 58. Kh2 Qg5 59. Rh8+ Kf7 60. Rh7+ Ke6 61. Ng3 Qd2 62. Rb7 Qh6+ 63. Kg1 Qh3 64. Rxb6+ Kd7 65. Rb7+ Kc6 0-1

[Event "Porto San Giorgio op 12th"]
[Site "Porto San Giorgio"]
[Date "2000.08.25"]
[Round "6"]
[White "Coratella, Giuseppe"]
[Black "Todorov, Todor"]
[Result "0-1"]
[WhiteElo "2077"]
[BlackElo "2481"]
[PlyCount "74"]
[EventDate "2000.08.20"]
[EventType "swiss"]
[EventRounds "9"]
[EventCountry "ITA"]
[SourceTitle "EXT 2001"]
[Source "ChessBase"]
[SourceDate "2000.11.22"]
[SourceVersion "1"]
[SourceVersionDate "2000.11.22"]
[SourceQuality "1"]

1. e4 Nf6 2. e5 Nd5 3. d4 d6 4. c4 Nb6 5. exd6 cxd6 6. Nc3 g6 7. Be3 Bg7 8. Rc1 0-0 9. b3 e5 10. dxe5 dxe5 11. c5 N6d7 12. Bc4 Nc6 13. Nge2 Qh4 14. Nb5 Nf6 15. Nd6 Ng4 16. Ng3 Nd4 17. Qd2 h6 18. Qd3 Be6 19. Nxb7 Kh7 20. Bxe6 Nxe6 21. Nd6 Nf4 22. Qe4 f5 23. Ndxf5 gxf5 24. Nxf5 Qf6 25. Ne7+ Ng6 26. Nd5 Qh4 27. g3 Qh5 28. c6 Nxh2 29. Kd2 Rad8 30. Kc3 Qg4 31. Qc4 e4+ 32. Kc2 Ne5 33. Qa6 Nxc6 34. Rxh2 Rxd5 35. Kb1 Rf6 36. Qc4 Qe6 37. Rh4 Rg6 0-1

[Event "Arco op 22nd"]
[Site "Arco"]
[Date "2000.??.??"]
[Round "2"]
[White "Coratella, Giuseppe"]
[Black "Wagman, Stuart"]
[Result "0-1"]
[WhiteElo "2080"]
[BlackElo "2188"]
[PlyCount "116"]
[EventDate "2000.10.??"]
[EventType "swiss"]
[EventRounds "9"]
[EventCountry "ITA"]
[SourceTitle "EXT 2001"]
[Source "ChessBase"]
[SourceDate "2000.11.22"]
[SourceVersion "1"]
[SourceVersionDate "2000.11.22"]
[SourceQuality "1"]

1. e4 e5 2. Nf3 Nc6 3. d4 exd4 4. Nxd4 Qh4 5. Nb5 Bc5 6. Qe2 Nd4 7. Nxd4 Bxd4 8. Nc3 Nf6 9. Nb5 Bb6 10. Be3 Kd8 11. Bxb6 axb6 12. 0-0-0 Qxe4 13. Qc4 Qxc4 14. Bxc4 Rf8 15. Rhe1 d6 16. Rd2 Be6 17. Bxe6 fxe6 18. Rxe6 Rxa2 19. Rde2 Rf7 20. Nd4 Kd7 21. Nf5 Nd5 22. g4 g6 23. Nh6 Re7 24. Rxe7+ Nxe7 25. c4 Ra5 26. Kd2 Rc5 27. Kd3 b5 28. cxb5 Rxb5 29. f4 Rb3+ 30. Ke4 Rb4+ 31. Kf3 Rb3+ 32. Ke4 Rb4+ 33. Kf3 Nc6 34. Kg3 Nd4 35. Rf2 Rb3+ 36. Kg2 Re3 37. f5 gxf5 38. Nxf5 Nxf5 39. Rxf5 Re7 40. h4 Ke6 41. Rf2 c5 42. Kg3 d5 43. Rf8 Kd6 44. Kf4 c4 45. h5 b5 46. g5 d4 47. Rd8+ Kc5 48. Kf5 c3 49. bxc3 dxc3 50. Rc8+ Kb4 51. Kf6 Ra7 52. g6 hxg6 53. hxg6 Kb3 54. g7 Rxg7 55. Kxg7 b4 56. Kf6 Kb2 57. Ke5 c2 58. Kd4 b3 0-1